| 000 | 00335nam a2200133Ia 4500 | ||
|---|---|---|---|
| 008 | 210210b1990 xxu||||| |||| 00| 0 eng d | ||
| 082 | _a920 KOTW | ||
| 100 | _aKOTHARI (Ajay Kumar). | ||
| 245 | _aWorld famous 101 great lives. | ||
| 260 |
_aN D _bFamily Books Pvt Ltd., _c1990 |
||
| 300 | _a112 | ||
| 690 | _aBiography | ||
| 906 | _a045563 | ||
| 999 |
_c94822 _d94822 |
||